[Event "AUTO-ADV-2472"]
[Site "http://www.queenalice.com/game.php?id=1049329"]
[Date "2012.4.16"]
[Round "1"]
[White "davi21"]
[Black "leo2dipikke"]
[Result "1-0"]
[WhiteElo "1802"]
[BlackElo "1802"]

1. d4 d5 2. Nc3 Nf6 3. Nf3 e6 4. a3 Nc6 5. e3 Be7 6. Bd3 O-O 7. e4 dxe4 8. Nxe4
h6 9. Be3 Nd5 10. Bd2 Nf6 11. Qc1 Nh7 12. Bxh6 gxh6 13. Qxh6 f5 14. Ng3 Rf6 15.
Qf4 Bd6 16. Ne5 Bxe5 17. dxe5 Rg6 18. Rd1 Qd4 19. Qxd4 Nxd4 20. O-O Nc6 21. Rfe1
Bd7 22. Bxf5 exf5 23. Rxd7 f4 24. Nh5 f3 25. g3 Rc8 26. Re3 Nd4 27. h4 b6 28.
Rxd4 Re8 29. Nf4 c5 30. Rd7 Rg7 31. Rd5 Nf8 32. Nh5 Rf7 33. Nf6+ 1-0

[Event "AUTO-ADV-2472"]
[Site "http://www.queenalice.com/game.php?id=1049330"]
[Date "2012.4.16"]
[Round "1"]
[White "leo2dipikke"]
[Black "davi21"]
[Result "0-1"]
[WhiteElo "1834"]
[BlackElo "1777"]

1. e4 e5 2. Nf3 d6 3. d4 exd4 4. Bc4 Be6 5. Bxe6 fxe6 6. Qxd4 Nc6 7. Qe3 e5 8.
O-O Nf6 9. Nc3 Be7 10. Bd2 O-O 11. Rad1 Nb4 12. Rc1 d5 13. exd5 e4 14. a3 Nbxd5
15. Nxd5 Qxd5 16. c4 Qc6 17. h3 exf3 18. gxf3 Bc5 19. Qc3 Qe6 20. Kg2 Nh5 21.
Be3 Qg6+ 22. Kh2 Rxf3 23. Rg1 Qe6 24. Rg4 Bxe3 25. fxe3 Nf6 26. Re1 Nxg4+ 27.
Kg2 Raf8 28. hxg4 Qxg4+ 0-1

[Event "AUTO-ADV-2472"]
[Site "http://www.queenalice.com/game.php?id=1049331"]
[Date "2012.4.16"]
[Round "1"]
[White "davi21"]
[Black "SAMOEL"]
[Result "1/2-1/2"]
[WhiteElo "1795"]
[BlackElo "1977"]

1. d4 d5 2. Nf3 b6 3. e3 Bg4 4. Be2 e6 5. Ne5 Bxe2 6. Qxe2 Bd6 7. Qb5+ Nd7 8.
Nc6 Qf6 9. O-O Ne7 10. c4 Qh6 11. f4 dxc4 12. Ne5 Bxe5 13. fxe5 c6 14. Qxc4 O-O
15. e4 Qg6 16. Nc3 b5 17. Qe2 a6 18. b4 a5 19. bxa5 Rxa5 20. Qd3 Ra3 21. Bxa3
Re8 22. Rac1 Nc8 23. Ne2 Ndb6 24. Rxc6 Nc4 25. Nc3 Nxa3 26. Nxb5 Nxb5 27. Qxb5
Qxe4 28. Rc4 Qe3+ 29. Kh1 Rd8 30. Qb7 Qd3 31. Rfc1 h6 32. Rxc8 Rxc8 33. Qxc8+
Kh7 34. h3 Qxd4 35. Qc3 Qd5 36. a4 Qa8 37. a5 Qa6 38. Rd1 g6 39. Rd6 Qf1+ 40.
Kh2 h5 41. a6 h4 42. a7 Qf4+ 43. Kg1 g5 44. a8=Q g4 45. hxg4 Kg7 46. Qd8 h3 47.
gxh3 Qe4 48. Qf6+ Kh7 49. Rd8 Qb1+ 50. Kg2 Qh1+ 51. Kf2 Qf1+ 52. Ke3 Qe2+ 53.
Kd4 Qc4+ 54. Ke3 Qe2+ 55. Kf4 Qxg4+ 56. Ke3 Qe2+ 57. Kd4 Qc4+ 1/2-1/2

[Event "AUTO-ADV-2472"]
[Site "http://www.queenalice.com/game.php?id=1049332"]
[Date "2012.4.16"]
[Round "1"]
[White "SAMOEL"]
[Black "davi21"]
[Result "0-1"]
[WhiteElo "1961"]
[BlackElo "1766"]

1. e4 e5 2. c3 d6 3. d4 Nc6 4. d5 Nce7 5. c4 c6 6. Nc3 Nf6 7. Bd3 Ng6 8. Nf3 Bg4
9. h3 Bxf3 10. Qxf3 Be7 11. Be3 c5 12. a3 b5 13. Nxb5 Qb6 14. b4 a6 15. Nc3 O-O
16. Rb1 Qc7 17. O-O Qd7 18. bxc5 dxc5 19. a4 Nh4 20. Qg3 Ng6 21. Bg5 Nh5 22. Qe3
Bxg5 23. Qf3 Nhf4 24. Kh2 Nh4 25. Qg3 Nhxg2 26. Bc2 h6 27. Nd1 Bh4 28. Qc3 Qe7
29. Ne3 Qg5 30. Ng4 h5 31. Nxe5 Ne2 32. Qb2 Ngf4 33. Rg1 Nxg1 34. Rxg1 Qf6 35.
d6 Bxf2 36. Rf1 Nxh3 37. Bd3 Qh4 38. Kg2 Nf4+ 39. Kf3 Qg3# 0-1

[Event "AUTO-ADV-2472"]
[Site "http://www.queenalice.com/game.php?id=1049333"]
[Date "2012.4.16"]
[Round "1"]
[White "davi21"]
[Black "Herivelto"]
[Result "0-1"]
[WhiteElo "1790"]
[BlackElo "1865"]

1. d4 d5 2. Bf4 Nf6 3. e3 Bf5 4. c4 c6 5. Nf3 Nbd7 6. Qb3 b6 7. cxd5 cxd5 8. Nc3
a6 9. Nxd5 Nxd5 10. Qxd5 e6 11. Qc4 b5 12. Qc6 Bb4+ 13. Nd2 Bxd2+ 14. Kxd2 O-O
15. Bc7 Qe7 16. Bd6 Qd8 17. Bxf8 Qa5+ 18. b4 Qa3 19. Ke1 Rxf8 20. Qxd7 Qc3+ 21.
Ke2 Qxa1 22. Qc7 Qxa2+ 23. Kd1 e5 24. f3 Rc8 25. Qa5 Qb1+ 0-1

[Event "AUTO-ADV-2472"]
[Site "http://www.queenalice.com/game.php?id=1049334"]
[Date "2012.4.16"]
[Round "1"]
[White "Herivelto"]
[Black "davi21"]
[Result "0-1"]
[WhiteElo "1894"]
[BlackElo "1881"]

1. e4 e5 2. Nf3 f5 3. Nxe5 Qf6 4. Nc4 fxe4 5. Nc3 d5 6. Qh5+ g6 7. Qxd5 Nc6 8.
Nxe4 Qe7 9. a3 Be6 10. Qb5 Rb8 11. Qg5 Qf7 12. Be2 Bxc4 13. Bxc4 Qxc4 14. d3
Qxc2 15. O-O Be7 16. Qe3 Rd8 17. Qh3 Rd7 18. b4 Nf6 19. Nc5 Bxc5 20. bxc5 Qxc5
21. Bb2 Qd6 22. Rfe1+ Kd8 23. Re3 h5 24. Rae1 Nd4 25. Bxd4 Qxd4 26. Qg3 Rg8 27.
Qg5 Kc8 28. h3 b6 29. Re6 Rf7 30. Rc1 Nh7 31. Qd2 Nf6 32. Rcc6 Qa1+ 33. Kh2 Nd7
34. Rxg6 Qe5+ 35. g3 Rxg6 36. Rxg6 Qc5 37. Rg8+ Kb7 38. d4 Qxa3 39. f4 Qf3 40.
h4 Nf6 41. Qg2 Qxg2+ 42. Kxg2 Nxg8 0-1

[Event "Challenge"]
[Site "http://www.queenalice.com/game.php?id=1065525"]
[Date "2012.5.29"]
[Round "-"]
[White "davi21"]
[Black "plot24"]
[Result "1-0"]
[WhiteElo "1898"]
[BlackElo "1829"]

1. d4 d5 2. Nf3 e6 3. c4 Nf6 4. a3 Nbd7 5. e3 c6 6. Nc3 Qb6 7. Be2 a5 8. cxd5
Nxd5 9. Qc2 g6 10. Ne5 Nxe5 11. dxe5 Bg7 12. e4 Nxc3 13. Qxc3 a4 14. Be3 Qa5 15.
Qxa5 Rxa5 16. f4 O-O 17. Bd2 Ra8 18. O-O b5 19. Bc3 c5 20. Bxb5 Bb7 21. Rfe1 f5
22. exf6 Bxf6 23. e5 Bg7 24. g3 Bd5 25. h4 c4 26. Rac1 Rfb8 27. Bd7 Rb7 28.
Bxe6+ Bxe6 29. Red1 h5 30. Rd6 Bf5 31. Rc6 Rc8 32. Ra6 1-0

[Event "AUTO-ADV-2525"]
[Site "http://www.queenalice.com/game.php?id=1068943"]
[Date "2012.6.6"]
[Round "1"]
[White "josebaron"]
[Black "davi21"]
[Result "1-0"]
[WhiteElo "1908"]
[BlackElo "1885"]

1. e4 Nc6 2. Nf3 e5 3. Nc3 Bc5 4. Bc4 d6 5. O-O Qf6 6. Nd5 Qd8 7. c3 Be6 8. d3
Nce7 9. Bg5 c6 10. Nxe7 Nxe7 11. Bxe6 fxe6 12. Qb3 Qd7 13. a4 Ng6 14. Nh4 Nxh4
15. Bxh4 O-O 16. Bg3 Bb6 17. a5 Bd8 18. Qa4 Bf6 19. Rad1 b5 20. axb6 axb6 21.
Qb3 b5 22. d4 exd4 23. cxd4 Bg5 24. h4 Bf6 25. e5 dxe5 26. dxe5 Qe7 27. exf6
Qxf6 28. Rfe1 Rfe8 29. Rd6 Kh8 30. Rdxe6 Qg6 31. Rxg6 Rxe1+ 32. Kh2 Raa1 33. Kh3
hxg6 34. Qf7 Kh7 35. h5 gxh5 36. Qxh5+ Kg8 37. Qg5 Rh1+ 38. Bh2 Rab1 39. Qd8+
Kh7 40. Qe8 Rhc1 41. Be5 Re1 42. Qh5+ Kg8 43. Qg5 Rh1+ 44. Kg3 Rh7 45. Qd8+ Kf7
46. Qd7+ Kg8 47. Qe8# 1-0

[Event "AUTO-ADV-2525"]
[Site "http://www.queenalice.com/game.php?id=1068944"]
[Date "2012.6.6"]
[Round "1"]
[White "davi21"]
[Black "josebaron"]
[Result "0-1"]
[WhiteElo "1911"]
[BlackElo "1849"]

1. d4 d5 2. Nf3 Nf6 3. c3 Nc6 4. e3 a6 5. c4 e6 6. Ne5 Nxe5 7. dxe5 Nd7 8. cxd5
Nxe5 9. Nc3 Be7 10. Be2 O-O 11. O-O exd5 12. Nxd5 Bf6 13. f4 Ng6 14. Qd3 c6 15.
f5 Ne5 16. Nxf6+ Qxf6 17. Qc2 b5 18. e4 a5 19. a3 a4 20. Qc5 Nd7 21. Qc2 Re8 22.
Bf3 Ne5 23. Be2 g6 24. fxg6 Qxg6 25. Kh1 Bg4 26. Rf4 Bxe2 27. Qxe2 Rad8 28. Rf5
Qe6 29. h4 Ng6 30. Qf2 Rd1+ 31. Kh2 Qxe4 32. h5 Ne5 33. Qg3+ Ng4+ 34. Kh3 Rh1+
35. Qh2 Rxh2+ 0-1

[Event "AUTO-ADV-2525"]
[Site "http://www.queenalice.com/game.php?id=1068957"]
[Date "2012.6.6"]
[Round "1"]
[White "pomar"]
[Black "davi21"]
[Result "1-0"]
[WhiteElo "2083"]
[BlackElo "1893"]

1. f3 d5 2. Kf2 Nf6 3. e3 e5 4. c4 Bd6 5. cxd5 Nxd5 6. Qb3 Be7 7. Bc4 c6 8. Nc3
O-O 9. Nxd5 cxd5 10. Bxd5 Nc6 11. Bxc6 bxc6 12. Ne2 Be6 13. Qc3 Qc7 14. b3 Rfd8
15. Bb2 f6 16. Rac1 Rac8 17. Rhd1 Bd5 18. e4 Qb6+ 19. Kf1 Bb4 20. Qe3 Be6 21.
Qxb6 axb6 22. d4 exd4 23. Nxd4 Rd6 24. Nxe6 Rxe6 25. Rd7 b5 26. a3 Ba5 27. b4
Bb6 28. Rcd1 h5 29. Rb7 Bc7 30. Rd7 Bd6 31. Rxg7+ Kf8 32. Rbf7+ Ke8 33. Bxf6 Bf8
34. Rh7 c5 35. Rxf8+ Kxf8 36. Rh8+ Kf7 37. Rxc8 1-0

[Event "AUTO-ADV-2525"]
[Site "http://www.queenalice.com/game.php?id=1068958"]
[Date "2012.6.6"]
[Round "1"]
[White "davi21"]
[Black "pomar"]
[Result "1-0"]
[WhiteElo "1856"]
[BlackElo "2088"]

1. d4 e6 2. Nf3 d5 3. e3 c5 4. b3 Qb6 5. dxc5 Bxc5 6. Bb2 Nf6 7. Be2 Nc6 8. a3
Qc7 9. c4 dxc4 10. Bxc4 a6 11. Qc2 Be7 12. Nbd2 b5 13. Bd3 Bb7 14. Rc1 Rc8 15.
Bxf6 Bxf6 16. Bxh7 g6 17. Bxg6 fxg6 18. Qxg6+ Ke7 19. Ne4 Rcf8 20. Nxf6 Qa5+ 21.
Ke2 Qxa3 22. Rhd1 Rxf6 23. Qg7+ Rf7 24. Qxh8 Qxb3 25. Rxc6 Qb2+ 26. Qxb2 1-0

[Event "AUTO-ADV-2525"]
[Site "http://www.queenalice.com/game.php?id=1068965"]
[Date "2012.6.6"]
[Round "1"]
[White "clovis"]
[Black "davi21"]
[Result "0-1"]
[WhiteElo "1886"]
[BlackElo "1838"]

1. e4 e5 2. Nf3 d6 3. d4 exd4 4. Qxd4 c5 5. Bb5+ Bd7 6. Qd3 a6 7. Bxd7+ Qxd7 8.
O-O Nc6 9. Nc3 Nf6 10. Bg5 Qe6 11. Bxf6 Qxf6 12. Nd5 Qd8 13. Rfe1 Ne7 14. e5 Ng6
15. exd6+ Kd7 16. Qf5+ Kc6 17. Nc3 Qd7 18. Qd5+ Kb6 19. Na4+ Qxa4 20. Qxf7 Bxd6
21. Re6 Qc6 22. Rd1 Rad8 23. Qxg7 Bxh2+ 24. Kxh2 Qxe6 0-1

[Event "AUTO-ADV-2525"]
[Site "http://www.queenalice.com/game.php?id=1068966"]
[Date "2012.6.6"]
[Round "1"]
[White "davi21"]
[Black "clovis"]
[Result "1-0"]
[WhiteElo "1818"]
[BlackElo "1906"]

1. e3 e5 2. Nc3 Nf6 3. d4 exd4 4. exd4 Bb4 5. Bd3 O-O 6. Qf3 d5 7. Ne2 c5 8.
dxc5 d4 9. a3 dxc3 10. axb4 Nc6 11. bxc3 Bg4 12. Qg3 Re8 13. f3 Bh5 14. O-O Qxd3
15. cxd3 Rxe2 16. Bg5 Bg6 17. f4 h6 18. f5 hxg5 19. fxg6 fxg6 20. Qxg5 Rae8 21.
Qxg6 Rc2 22. Rxf6 Ree2 23. Qf7+ Kh7 24. Rg6 1-0

[Event "AUTO-OPEN-2734"]
[Site "http://www.queenalice.com/game.php?id=1080164"]
[Date "2012.7.7"]
[Round "1"]
[White "davi21"]
[Black "maxcot13"]
[Result "0-1"]
[WhiteElo "1870"]
[BlackElo "1487"]

1. d4 e6 2. e4 Nc6 3. a3 Nf6 4. Bg5 Be7 5. Bxf6 Bxf6 6. c3 d5 7. exd5 Qxd5 8.
Nf3 O-O 9. Bd3 e5 10. c4 Qa5+ 11. b4 Nxb4 12. O-O Bg4 0-1

[Event "AUTO-OPEN-2734"]
[Site "http://www.queenalice.com/game.php?id=1080165"]
[Date "2012.7.7"]
[Round "1"]
[White "maxcot13"]
[Black "davi21"]
[Result "1-0"]
[WhiteElo "1517"]
[BlackElo "1840"]

1. e4 e5 2. Nc3 Nc6 3. d3 Bc5 4. Nf3 d6 5. Be2 Bg4 6. O-O Qf6 7. Nd5 Qd8 8. h3
Bxf3 9. Bxf3 Nce7 10. c3 Nxd5 11. exd5 Nf6 12. Bg5 O-O 13. d4 1-0

[Event "AUTO-OPEN-2734"]
[Site "http://www.queenalice.com/game.php?id=1080166"]
[Date "2012.7.7"]
[Round "1"]
[White "davi21"]
[Black "musampa"]
[Result "0-1"]
[WhiteElo "1811"]
[BlackElo "1972"]

1. d4 d5 2. Nf3 Bf5 3. Nc3 e6 4. e3 Bb4 5. Bd2 a6 6. a3 Ba5 7. Ne2 Bxd2+ 8. Qxd2
Nf6 9. Qb4 b5 10. c3 Nc6 11. Qc5 Qd6 12. a4 Qxc5 13. dxc5 O-O 14. Nf4 Ne4 0-1

[Event "AUTO-OPEN-2734"]
[Site "http://www.queenalice.com/game.php?id=1080167"]
[Date "2012.7.7"]
[Round "1"]
[White "musampa"]
[Black "davi21"]
[Result "1-0"]
[WhiteElo "1982"]
[BlackElo "1801"]

1. e4 e5 2. Bc4 Nf6 3. d3 h6 4. Nf3 Nc6 5. O-O d5 6. exd5 Nxd5 7. Bxd5 Qxd5 8.
Nc3 Qd7 9. Re1 Bd6 10. Nb5 O-O 11. b3 a6 12. Na3 Qf5 13. Bb2 b5 14. c4 1-0